| 000 | 00950cam a22002891 4500 | ||
|---|---|---|---|
| 001 | 16770 | ||
| 003 | BD-RjUL | ||
| 005 | 20211209000040.0 | ||
| 008 | 140215s1945 xx 001 0 eng | ||
| 035 | _a(BD-RjUL)16825 | ||
| 035 | _a(OCoLC)479465 | ||
| 040 |
_aDLC _cOKentU _dDLC _dBD-RjUL _beng |
||
| 041 | _aeng | ||
| 082 |
_a669 _bLIH |
||
| 100 | 1 |
_aLiddell, Donald M. _q(Donald Macy), _d1879- _951787 |
|
| 245 | 0 | 0 |
_aHandbook of nonferrous metallurgy / _c... prepared by a staff of specialists, Donald M. Liddell, editor-in-chief. |
| 250 | _a2d ed. | ||
| 260 |
_aNew York ; _aand London : _bMcGraw-Hill book company, inc., _c1945. |
||
| 300 |
_a721 p. : _billus. ; _c23 cm. |
||
| 500 | _aFirst edition published 1926. | ||
| 505 | 0 | _a[v. 1] Principles and processes.--[v. 2] Recovery of the metals. | |
| 650 | 0 |
_aMetallurgy. _951788 |
|
| 740 | 0 | _aNonferrous metallurgy. | |
| 942 |
_2ddc _cBK |
||
| 999 |
_c16770 _d16770 |
||